01388 a2200253 4500003000500000005001700005010001700022020004800039035001300087040000900100082001400109245009100123250001900214300001300233505049700246650004300743650004300786650006400829700003000893700002900923942001300952999001900965952015000984Nust20220726130828.0 a 2012046844 a9781466569768 (hardcover : acid-free paper) a17649489 cNust00a005.8,HAR00aOfficial (ISC)2 Guide to the CISSP CBK /ceditors, Harold F. Tipton, Steven Hernandez. aThird edition. apages cm aAccess Control (Page-4), Telecommunications & Networks Security (Page-271), Information security Governance & Risk Management (Page-467), Software Development Security (Page-614), Cryptography (Page-764), Security Architecture & Design (Page-902), Security Operations (Page-1014), Business Continuity Disaster Recovery Planning (Page-1056), Legal, Regulations , investigations, and Compliance (Page-1168), Physical (Environmental) Security (Page-1256), Answer to Review Questions (Page-1371). 0aComputer networksxExaminations994252 0aComputer securityxExaminations995207 0aElectronic data processing personnelxCertification.9817041 aHernandez, Steven.9952081 aTipton, Harold F.995209 2ddccREF c215438d215438 00102ddc4070aMCSbMCScREFd2016-12-12l3o005.8,HARpMCS37202q2026-05-13r2026-01-13s2026-01-13w2016-12-12yBKzAlmirah No.18, Shelf No.3